000 00312nam a2200133Ia 4500
003 OSt
005 20230726064258.0
008 170524s9999 xx 000 0 und d
040 _cIIMT UNIVERSITY
100 _aUPADHYAYA- SHIVDUTT
245 0 _aUTPADAN PRODYOGIKI - I
260 _bBHARAT BHARTI
942 _2ddc
_c02
999 _c7731
_d7731